[Event "PRO League Stage"]
[Site "Chess.com INT"]
[Date "2018.02.24"]
[Round "7"]
[White "Charbonneau, Pascal"]
[Black "Lalith, Babu MR"]
[Result "0-1"]
[WhiteElo "2505"]
[BlackElo "2542"]
[PlyCount "56"]
[EventDate "2018.01.18"]
[EventType "team-swiss (rapid)"]
[EventRounds "9"]
[EventCountry "USA"]
[SourceTitle "EXT 2019"]
[Source "ChessBase"]
[SourceDate "2018.10.10"]
[SourceVersion "1"]
[SourceVersionDate "2018.10.10"]
[SourceQuality "1"]
[WhiteTeam "Montclair Sopranos"]
[BlackTeam "Delhi Dynamite"]
[WhiteTeamCountry "USA"]
[BlackTeamCountry "IND"]

1. e4 c6 2. c4 d5 3. exd5 cxd5 4. cxd5 Nf6 5. Nc3 Nxd5 6. Nf3 e6 7. Bc4 Be7 8. 0-0 0-0 9. d4 Nc6 10. Re1 h6 11. a3 Bf6 12. Ne4 b6 13. Qd3 Bb7 14. Bd2 Nce7 15. Rad1 Nf5 16. Ba2 Rc8 17. Bb1 g6 18. g4 Nh4 19. Bxh6 Ba6 20. Qxa6 Nxf3+ 21. Kh1 Bg7 22. Bxg7 Kxg7 23. Qd3 Nxe1 24. Rxe1 Rh8 25. Qg3 Qc7 26. Qe5+ Qxe5 27. dxe5 Rh3 28. Ng5 Rb3 0-1

[Event "PRO League Stage"]
[Site "Chess.com INT"]
[Date "2018.02.24"]
[Round "7"]
[White "Ter Sahakyan, Samvel"]
[Black "Charbonneau, Pascal"]
[Result "1-0"]
[WhiteElo "2563"]
[BlackElo "2505"]
[PlyCount "123"]
[EventDate "2018.01.18"]
[EventType "team-swiss (rapid)"]
[EventRounds "9"]
[EventCountry "USA"]
[SourceTitle "EXT 2019"]
[Source "ChessBase"]
[SourceDate "2018.10.10"]
[SourceVersion "1"]
[SourceVersionDate "2018.10.10"]
[SourceQuality "1"]
[WhiteTeam "Armenia Eagles"]
[BlackTeam "Montclair Sopranos"]
[WhiteTeamCountry "ARM"]
[BlackTeamCountry "USA"]

1. e4 e5 2. Nf3 Nc6 3. Bb5 a6 4. Ba4 Nf6 5. 0-0 Be7 6. Re1 b5 7. Bb3 d6 8. c3 0-0 9. h3 Nb8 10. d4 Nbd7 11. Nbd2 Bb7 12. Bc2 Re8 13. Nf1 Bf8 14. Ng3 g6 15. a4 Bg7 16. Bd3 c6 17. Qc2 Qb6 18. Be3 c5 19. d5 b4 20. a5 Qd8 21. Nd2 h5 22. Nc4 Bf8 23. cxb4 cxb4 24. Qd2 Nc5 25. Bxc5 dxc5 26. Bc2 Kh7 27. Rad1 Bh6 28. Qe2 h4 29. Nf1 Nh5 30. Ba4 Re7 31. Nfe3 f6 32. Bc6 Nf4 33. Qf3 Rc8 34. Bxb7 Rxb7 35. d6 Ne6 36. Nd5 Bg5 37. Qg4 Nd4 38. Ne7 Rcb8 39. f4 exf4 40. e5 Rxe7 41. dxe7 Qxe7 42. exf6 Qxf6 43. Nd2 Bh6 44. Nf3 Rd8 45. Nxd4 cxd4 46. Re6 Qf5 47. Qxf5 gxf5 48. Rd3 f3 49. gxf3 Be3+ 50. Kf1 f4 51. Rxa6 Rg8 52. Rb6 Rg1+ 53. Ke2 Rg2+ 54. Kd1 Rxb2 55. a6 Ra2 56. Rb7+ Kg6 57. a7 Kf5 58. Rb3 d3 59. Rxd3 Bxa7 60. Rxb4 Be3 61. Rd5+ Kg6 62. Rc4 1-0

[Event "PRO League Stage"]
[Site "Chess.com INT"]
[Date "2018.02.07"]
[Round "5"]
[White "Blit, Jacques"]
[Black "Charbonneau, Pascal"]
[Result "0-1"]
[WhiteElo "2374"]
[BlackElo "2505"]
[PlyCount "124"]
[EventDate "2018.01.18"]
[EventType "team-swiss (rapid)"]
[EventRounds "9"]
[EventCountry "USA"]
[SourceTitle "CBM 182 Extra"]
[Source "ChessBase"]
[SourceDate "2018.02.23"]
[SourceVersion "1"]
[SourceVersionDate "2018.02.23"]
[SourceQuality "1"]
[WhiteTeam "Buenos Aires Krakens"]
[BlackTeam "Montclair Sopranos"]
[WhiteTeamCountry "ARG"]
[BlackTeamCountry "USA"]

1. e4 e5 2. Nf3 Nc6 3. d4 exd4 4. Nxd4 Bb4+ 5. c3 Bc5 6. Be3 Bb6 7. Nc2 Nf6 8. Nd2 0-0 9. c4 Re8 10. f3 d5 11. cxd5 Nxd5 12. Bxb6 axb6 13. Bc4 Nf4 14. 0-0 Bh3 15. Rf2 Bxg2 16. Rxg2 Nxg2 17. Kxg2 Qg5+ 18. Kf2 Rad8 19. Ne3 Ne5 20. Qe2 Qf4 21. Nef1 Rd6 22. Ke1 Red8 23. Rd1 c6 24. Qe3 Qxe3+ 25. Nxe3 Rxd2 26. Rxd2 Nxf3+ 27. Ke2 Rxd2+ 28. Kxf3 Rxb2 29. h3 b5 30. Bb3 c5 31. Nd1 Rd2 32. Ke3 Rg2 33. Nf2 c4 34. Bd1 Rg3+ 35. Bf3 Rg6 36. Nd1 Ra6 37. Nc3 b4 38. Nd5 b3 39. axb3 cxb3 40. Kd2 Rc6 41. Bd1 Rh6 42. Bxb3 Rxh3 43. Bc4 h5 44. Nf4 Rh2+ 45. Ke3 g5 46. Ng6 Kg7 47. Ne5 f6 48. Nd7 Rh3+ 49. Kf2 h4 50. Nc5 Rc3 51. Ne6+ Kg6 52. Bd5 g4 53. Nf4+ Kg5 54. Ne6+ Kh6 55. Kg2 Rc2+ 56. Kg1 b6 57. Nd4 Rd2 58. Nf5+ Kg5 59. Ng7 h3 60. Ne6+ Kh4 61. Nf4 Rd1+ 62. Kf2 h2 0-1

[Event "PRO League Stage"]
[Site "Chess.com INT"]
[Date "2018.02.07"]
[Round "5"]
[White "Charbonneau, Pascal"]
[Black "Krysa, Leandro Sergio"]
[Result "0-1"]
[WhiteElo "2505"]
[BlackElo "2548"]
[PlyCount "40"]
[EventDate "2018.01.18"]
[EventType "team-swiss (rapid)"]
[EventRounds "9"]
[EventCountry "USA"]
[SourceTitle "CBM 182 Extra"]
[Source "ChessBase"]
[SourceDate "2018.02.23"]
[SourceVersion "1"]
[SourceVersionDate "2018.02.23"]
[SourceQuality "1"]
[WhiteTeam "Montclair Sopranos"]
[BlackTeam "Buenos Aires Krakens"]
[WhiteTeamCountry "USA"]
[BlackTeamCountry "ARG"]

1. e4 e5 2. Nf3 Nc6 3. Bb5 Nf6 4. d3 Bc5 5. 0-0 Nd4 6. Nxd4 Bxd4 7. c3 Bb6 8. Bg5 c6 9. Ba4 h6 10. Bh4 d6 11. Nd2 g5 12. Bg3 h5 13. h4 Rg8 14. Nc4 Ng4 15. Nxb6 axb6 16. hxg5 Qxg5 17. Bb3 h4 18. f4 Qg7 19. Bxh4 Ne3 20. Qf3 Nxg2 0-1

[Event "PRO League Stage"]
[Site "Chess.com INT"]
[Date "2018.02.07"]
[Round "5"]
[White "Charbonneau, Pascal"]
[Black "Perez, Maximiliano"]
[Result "0-1"]
[WhiteElo "2505"]
[BlackElo "2399"]
[PlyCount "116"]
[EventDate "2018.01.18"]
[EventType "team-swiss (rapid)"]
[EventRounds "9"]
[EventCountry "USA"]
[SourceTitle "CBM 182 Extra"]
[Source "ChessBase"]
[SourceDate "2018.02.23"]
[SourceVersion "1"]
[SourceVersionDate "2018.02.23"]
[SourceQuality "1"]
[WhiteTeam "Montclair Sopranos"]
[BlackTeam "Buenos Aires Krakens"]
[WhiteTeamCountry "USA"]
[BlackTeamCountry "ARG"]

1. Nf3 Nf6 2. g3 g6 3. Bg2 Bg7 4. 0-0 0-0 5. c4 d6 6. Nc3 e5 7. d3 a5 8. a3 Re8 9. Bg5 h6 10. Bxf6 Bxf6 11. Rb1 c6 12. Nd2 Bg7 13. b4 axb4 14. axb4 e4 15. Qc2 exd3 16. exd3 Bf5 17. b5 Ra3 18. Rb3 Rxb3 19. Nxb3 Qc7 20. bxc6 bxc6 21. Ne4 Na6 22. c5 dxc5 23. Nbxc5 Nb4 24. Qc4 Nd5 25. h3 Nb6 26. Qb3 Nd7 27. Nxd7 Qxd7 28. Rc1 Bd4 29. Qc4 Bxe4 30. Bxe4 c5 31. Bxg6 Re2 32. Rf1 Kg7 33. Bh5 Rd2 34. Kg2 Qf5 35. Bf3 Rxd3 36. Qd5 Qxd5 37. Bxd5 Rd2 38. Bc4 f5 39. Kf3 Kf6 40. Be2 Rc2 41. Rd1 Ke5 42. Re1 Kd5 43. Kf4 Bxf2 44. Bf3+ Kd6 45. Re2 Rc4+ 46. Kxf5 Bxg3 47. Re6+ Kd7 48. Re4 Rc3 49. Bg4 Kd6 50. Kg6 Kd5 51. Re8 Bf4 52. Kf5 Bg5 53. Re1 c4 54. Rd1+ Kc5 55. Ke4 Re3+ 56. Kf5 c3 57. Rc1 Kd4 58. Rc2 Kd3 0-1

[Event "PRO League Stage"]
[Site "Chess.com INT"]
[Date "2018.02.07"]
[Round "5"]
[White "Pichot, Alan"]
[Black "Charbonneau, Pascal"]
[Result "1-0"]
[WhiteElo "2552"]
[BlackElo "2505"]
[PlyCount "61"]
[EventDate "2018.01.18"]
[EventType "team-swiss (rapid)"]
[EventRounds "9"]
[EventCountry "USA"]
[SourceTitle "CBM 182 Extra"]
[Source "ChessBase"]
[SourceDate "2018.02.23"]
[SourceVersion "1"]
[SourceVersionDate "2018.02.23"]
[SourceQuality "1"]
[WhiteTeam "Buenos Aires Krakens"]
[BlackTeam "Montclair Sopranos"]
[WhiteTeamCountry "ARG"]
[BlackTeamCountry "USA"]

1. Nf3 d5 2. d4 Nf6 3. Bf4 c5 4. c3 Nc6 5. dxc5 g6 6. e3 Bg7 7. Nbd2 0-0 8. Bb5 Nh5 9. Bg3 Nxg3 10. hxg3 Qc7 11. Qa4 e5 12. Nb3 Bd7 13. Qh4 h6 14. Rd1 e4 15. Bxc6 bxc6 16. Nfd4 Rfe8 17. Qf4 Qxf4 18. gxf4 a5 19. a4 Reb8 20. Rd2 h5 21. Kd1 Bf8 22. Kc2 Rb7 23. Kb1 Be7 24. Ka2 Kg7 25. f5 h4 26. fxg6 Kxg6 27. f3 f5 28. Rf2 Bg5 29. f4 Be7 30. g3 hxg3 31. Rg2 1-0

[Event "PRO League Stage"]
[Site "Chess.com INT"]
[Date "2018.01.18"]
[Round "1"]
[White "Charbonneau, Pascal"]
[Black "Shimanov, Aleksandr"]
[Result "1/2-1/2"]
[WhiteElo "2505"]
[BlackElo "2641"]
[PlyCount "142"]
[EventDate "2018.01.18"]
[EventType "team-swiss (rapid)"]
[EventRounds "9"]
[EventCountry "USA"]
[SourceTitle "CBM 182 Extra"]
[Source "ChessBase"]
[SourceDate "2018.02.23"]
[SourceVersion "1"]
[SourceVersionDate "2018.02.23"]
[SourceQuality "1"]
[WhiteTeam "Montclair Sopranos"]
[BlackTeam "Webster Windmills"]
[WhiteTeamCountry "USA"]
[BlackTeamCountry "USA"]

1. Nf3 Nf6 2. g3 g6 3. Bg2 Bg7 4. 0-0 0-0 5. d4 d6 6. b3 e5 7. dxe5 dxe5 8. Bb2 e4 9. Nd4 a6 10. c4 Re8 11. Nc2 Nbd7 12. Ne3 b6 13. Qc2 Bb7 14. Nc3 Qe7 15. Rad1 Rad8 16. Rd2 Nf8 17. Rfd1 Rxd2 18. Rxd2 h5 19. Rd1 N8d7 20. a3 h4 21. b4 c5 22. Qb3 cxb4 23. axb4 Qe6 24. Ncd5 Rc8 25. gxh4 Ne5 26. Nf4 Qe8 27. c5 bxc5 28. bxc5 Bc6 29. Rd6 Ba4 30. Qa2 Bb5 31. Bd4 Rc6 32. h5 Rxd6 33. cxd6 Kh7 34. hxg6+ fxg6 35. Qe6 Qxe6 36. Nxe6 Ned7 37. Nxg7 Kxg7 38. Bxe4 Bxe2 39. Nd5 Kf7 40. Nxf6 Nxf6 41. Bxf6 Kxf6 42. Bxg6 Ke6 43. h4 Kxd6 44. Kg2 Ke7 45. Kg3 Kf6 46. Bc2 a5 47. Ba4 Bh5 48. Kf4 Be2 49. Ke4 Bh5 50. Kf4 Be2 51. Ke4 Bh5 52. f4 Bg6+ 53. Ke3 Bh5 54. Ke4 Bg6+ 55. Ke3 Bh5 56. Ke4 Bg6+ 57. Kd4 Bh5 58. Bc2 Be8 59. Kc5 Bd7 60. h5 Be8 61. h6 Bd7 62. Kd6 Bb5 63. Kc5 Be8 64. Bb1 a4 65. Kb4 Bd7 66. Bc2 Be8 67. Bxa4 Bxa4 68. Kxa4 Kg6 69. Kb5 Kxh6 70. Kc5 Kg6 71. Kd5 Kf5 1/2-1/2

[Event "PRO League KO Stage"]
[Site "Chess.com INT"]
[Date "2017.03.01"]
[Round "1"]
[White "Charbonneau, Pascal"]
[Black "Erenburg, Sergey"]
[Result "1-0"]
[WhiteElo "2505"]
[BlackElo "2568"]
[PlyCount "131"]
[EventDate "2017.03.01"]
[EventType "team-k.o. (rapid)"]
[EventRounds "5"]
[EventCountry "USA"]
[SourceTitle "CBM 177 Extra"]
[Source "ChessBase"]
[SourceDate "2017.04.27"]
[SourceVersion "1"]
[SourceVersionDate "2017.04.27"]
[SourceQuality "1"]
[WhiteTeam "Montclair Sopranos"]
[BlackTeam "Philadelphia Inventors"]
[WhiteTeamCountry "USA"]
[BlackTeamCountry "USA"]

1. e4 c6 2. c4 d5 3. exd5 cxd5 4. cxd5 Nf6 5. Nc3 Nxd5 6. Nf3 g6 7. Bc4 Nb6 8. Bb3 Bg7 9. d4 0-0 10. 0-0 Bg4 11. d5 N8d7 12. h3 Bxf3 13. Qxf3 Nc5 14. Bc2 Nc4 15. Re1 Rc8 16. Rb1 Nd6 17. h4 b5 18. h5 b4 19. Ne2 Nd7 20. Ba4 Ne5 21. Qh3 Qa5 22. b3 Qxd5 23. Be3 Qb7 24. Rbd1 Nf5 25. Bf4 Rc5 26. Ng3 Nxg3 27. Qxg3 Nc6 28. h6 Bf6 29. Qf3 Qc8 30. Rc1 Nd4 31. Qe4 Ne6 32. Be3 Rc3 33. Qxb4 Rd8 34. Rcd1 Rc7 35. Qg4 Qb8 36. Rxd8+ Qxd8 37. Rd1 Qc8 38. Bb5 Be5 39. Bc4 Bd6 40. Bxe6 Qxe6 41. Qxe6 fxe6 42. Rc1 a6 43. Rxc7 Bxc7 44. Kf1 Kf7 45. Ke2 Ke8 46. Kd3 Kd7 47. Kc4 Kc6 48. b4 e5 49. a4 e6 50. f3 Bd6 51. b5+ axb5+ 52. axb5+ Kd7 53. Kd3 Bf8 54. Ke4 Bd6 55. Bg5 Kc7 56. Bf6 Kb6 57. Bxe5 Be7 58. Bg7 Bd6 59. Be5 Bf8 60. Bf4 Kxb5 61. Ke5 Kc4 62. Kxe6 Kd3 63. Kf7 Bc5 64. Kg7 Ke2 65. Kxh7 Bf8 66. Kxg6 1-0

[Event "PRO League Stage"]
[Site "Chess.com INT"]
[Date "2017.02.22"]
[Round "7"]
[White "Charbonneau, Pascal"]
[Black "Torres, Federico"]
[Result "1-0"]
[WhiteElo "2505"]
[BlackElo "2158"]
[PlyCount "65"]
[EventDate "2017.01.11"]
[EventType "team-swiss (rapid)"]
[EventRounds "7"]
[EventCountry "USA"]
[SourceTitle "EXT 2018"]
[Source "ChessBase"]
[SourceDate "2017.10.13"]
[SourceVersion "1"]
[SourceVersionDate "2017.10.13"]
[SourceQuality "1"]
[WhiteTeam "Montclair Sopranos"]
[BlackTeam "Patagonia Penguins"]
[WhiteTeamCountry "USA"]
[BlackTeamCountry "ARG"]

1. e4 e5 2. Nf3 d6 3. Bc4 Nf6 4. d4 Nxe4 5. dxe5 c6 6. 0-0 d5 7. Bb3 Be7 8. c4 dxc4 9. Qxd8+ Bxd8 10. Bxc4 0-0 11. Re1 Nc5 12. Nc3 b5 13. Bf1 Bg4 14. Be3 Nbd7 15. Nd4 Rc8 16. h3 Be6 17. b4 Na6 18. a3 Bb6 19. Nxe6 fxe6 20. Rad1 Bxe3 21. Rxe3 Nb6 22. Ne4 Nd5 23. Ree1 c5 24. Bxb5 Nac7 25. Bd7 Rcd8 26. Nxc5 Kf7 27. Nxe6 Nxe6 28. Rxd5 Nf4 29. e6+ Ke7 30. Ra5 Ra8 31. Bc6 Rac8 32. Rxa7+ Kf6 33. e7 1-0

[Event "PRO League Atlantic"]
[Site "Chess.com INT"]
[Date "2017.01.18"]
[Round "2"]
[White "Balakrishnan, Praveen"]
[Black "Charbonneau, Pascal"]
[Result "1/2-1/2"]
[WhiteElo "2465"]
[BlackElo "2505"]
[PlyCount "129"]
[EventDate "2017.01.11"]
[EventType "team-swiss (rapid)"]
[EventRounds "7"]
[EventCountry "USA"]
[SourceTitle "CBM 176 Extra"]
[Source "ChessBase"]
[SourceDate "2017.03.02"]
[SourceVersion "1"]
[SourceVersionDate "2017.03.02"]
[SourceQuality "1"]
[WhiteTeam "New Jersey Knockouts"]
[BlackTeam "Montclair Sopranos"]
[WhiteTeamCountry "UAE"]
[BlackTeamCountry "USA"]

1. e4 e5 2. Nf3 Nc6 3. Bb5 a6 4. Ba4 Nf6 5. 0-0 Be7 6. Re1 b5 7. Bb3 d6 8. c3 0-0 9. d4 Bg4 10. Be3 exd4 11. cxd4 d5 12. e5 Ne4 13. Nc3 Nxc3 14. bxc3 Na5 15. Bc2 Nc4 16. Bc1 Qd7 17. h3 Bh5 18. g4 Bg6 19. Bg5 a5 20. Bxe7 Qxe7 21. Bf5 b4 22. Qd3 Rab8 23. Rab1 Rb6 24. Bxg6 Rxg6 25. Kh2 Rb6 26. Nd2 Qh4 27. Kg2 Nxd2 28. Qxd2 f5 29. f3 Rg6 30. Qf2 Qxf2+ 31. Kxf2 fxg4 32. hxg4 Rxg4 33. cxb4 Rxd4 34. bxa5 Ra4 35. Rbc1 Rxa2+ 36. Re2 Rxa5 37. Rxc7 Raa8 38. Rd7 Rad8 39. e6 Rxd7 40. exd7 Kf7 41. Re5 Rd8 42. Rxd5 Ke6 43. Ra5 Rxd7 44. Kg3 g6 45. Ra6+ Kf5 46. Ra5+ Kf6 47. Ra6+ Kf5 48. Ra5+ Ke6 49. Ra6+ Kf7 50. Kg4 Kg7 51. f4 Rf7 52. Ra5 Rb7 53. Ra6 Rb1 54. Ra7+ Kh6 55. Rc7 Rg1+ 56. Kh4 Rf1 57. Kg4 Ra1 58. Kh4 Ra5 59. Kg4 Ra4 60. Kg3 Rb4 61. Kg4 Ra4 62. Kg3 Ra1 63. Kh4 Rh1+ 64. Kg4 Ra1 65. Kh4 1/2-1/2

[Event "PRO League Atlantic"]
[Site "Chess.com INT"]
[Date "2017.01.18"]
[Round "2"]
[White "Benjamin, Joel"]
[Black "Charbonneau, Pascal"]
[Result "1/2-1/2"]
[WhiteElo "2544"]
[BlackElo "2505"]
[PlyCount "267"]
[EventDate "2017.01.11"]
[EventType "team-swiss (rapid)"]
[EventRounds "7"]
[EventCountry "USA"]
[SourceTitle "CBM 176 Extra"]
[Source "ChessBase"]
[SourceDate "2017.03.02"]
[SourceVersion "1"]
[SourceVersionDate "2017.03.02"]
[SourceQuality "1"]
[WhiteTeam "New Jersey Knockouts"]
[BlackTeam "Montclair Sopranos"]
[WhiteTeamCountry "UAE"]
[BlackTeamCountry "USA"]

1. c4 e6 2. e4 d5 3. exd5 exd5 4. cxd5 Nf6 5. Bb5+ Nbd7 6. Nc3 Be7 7. d4 0-0 8. Nf3 Nb6 9. 0-0 Nbxd5 10. Re1 c6 11. Bc4 Be6 12. Bb3 Re8 13. Bg5 Qb6 14. Qd2 Rad8 15. Rad1 Nxc3 16. bxc3 Bxb3 17. axb3 c5 18. Qc2 cxd4 19. Nxd4 Bc5 20. Nf5 Rxd1 21. Rxd1 Ne4 22. Ne7+ Bxe7 23. Qxe4 Qxb3 24. Re1 Qe6 25. Qb1 Qd7 26. Qe4 Qe6 27. Qb1 Qd7 28. Qe4 f6 29. Bf4 Qc6 30. Qxc6 bxc6 31. Re6 a5 32. Rxc6 Ra8 33. Re6 Kf7 34. Re2 a4 35. Ra2 Ke6 36. c4 a3 37. Kf1 Ra4 38. Bc1 Bc5 39. Ke1 Ke5 40. Be3 Bf8 41. c5 Kd5 42. Rd2+ Kc6 43. Ra2 Bxc5 44. Rc2 a2 45. Rxc5+ Kd6 46. Rc1 a1Q 47. Rxa1 Rxa1+ 48. Ke2 Ke6 49. Kf3 h5 50. h4 Kf5 51. g3 Ra3 52. Kg2 Kg4 53. Bc5 Rb3 54. Be7 Rb7 55. Bd6 Kf5 56. Bc5 Rd7 57. Be3 Kg4 58. Bc1 Rb7 59. Be3 Rb3 60. Bc1 Kf5 61. Bd2 Ke4 62. Bc1 Rc3 63. Bd2 Rc2 64. Bf4 Kd3 65. Bd6 Ke2 66. Bb8 Rb2 67. Ba7 Ra2 68. Bb6 Rc2 69. Ba7 Ke1 70. Bb6 Kd1 71. Ba7 Rc7 72. Bb6 Rb7 73. Bc5 Ke2 74. Bd4 Kd3 75. Bc5 Ke4 76. Be3 Kf5 77. Bd2 g5 78. hxg5 fxg5 79. Be3 Kg4 80. Bc1 Rb3 81. Be3 Rb2 82. Bd4 Rc2 83. Be3 Kf5 84. Kf3 Rc3 85. Kg2 g4 86. Bd2 Rc2 87. Be3 Ke4 88. Bb6 Rc6 89. Be3 Rf6 90. Bg5 Rf3 91. Bd8 Kd3 92. Bb6 Ke2 93. Bc5 Rf5 94. Bb6 Rb5 95. Ba7 Rb7 96. Bc5 Rh7 97. Be3 Rf7 98. Bd4 Kd3 99. Bc5 Ke4 100. Bb6 Kf5 101. Be3 Ke4 102. Bd2 Rf3 103. Ba5 Kd3 104. Bb6 Ke2 105. Bc5 Rf5 106. Bd4 Rd5 107. Bb6 Rd2 108. Ba7 Ra2 109. Bb6 Kd3 110. Bc5 Ke4 111. Bb6 Kf5 112. Be3 Kg6 113. Bd4 Rd2 114. Be3 Rc2 115. Bf4 Kf5 116. Be3 Rc8 117. Bd4 Rc7 118. Be3 Rh7 119. Bd4 h4 120. gxh4 Rxh4 121. Bb6 Rh3 122. Bc7 Rc3 123. Bg3 Ke4 124. Bh4 Rb3 125. Bg3 Ra3 126. Bh4 Rb3 127. Bg3 Kd3 128. Bf4 Ke2 129. Bg3 Rf3 130. Bh4 Rf5 131. Bg3 Rf3 132. Bh4 Rxf2+ 133. Bxf2 g3 134. Bxg3 1/2-1/2

[Event "USA tt KO"]
[Site "ICC INT"]
[Date "2015.11.18"]
[Round "2"]
[White "Charbonneau, Pascal"]
[Black "Izoria, Zviad"]
[Result "1/2-1/2"]
[WhiteElo "2505"]
[BlackElo "2576"]
[PlyCount "151"]
[EventDate "2015.11.10"]
[EventType "team-k.o."]
[EventRounds "3"]
[EventCountry "USA"]
[SourceTitle "CBM 169 Extra"]
[Source "ChessBase"]
[SourceDate "2015.12.18"]
[SourceVersion "1"]
[SourceVersionDate "2015.12.18"]
[SourceQuality "1"]
[WhiteTeam "New York"]
[BlackTeam "Manhattan"]
[WhiteTeamCountry "USA"]
[BlackTeamCountry "USA"]

1. d4 d6 2. e4 Nf6 3. Nc3 g6 4. Be3 a6 5. h3 Nbd7 6. Nf3 e5 7. Bc4 Bg7 8. dxe5 dxe5 9. a4 0-0 10. 0-0 a5 11. Qd3 c6 12. Rfd1 Qe7 13. Qd6 Qxd6 14. Rxd6 Re8 15. Rd2 Bf8 16. Ng5 Re7 17. g4 h5 18. gxh5 Nxh5 19. Rad1 Nhf6 20. f3 Bh6 21. h4 Kg7 22. Kf2 Nh5 23. Bb3 f6 24. Ne2 Rb8 25. Rd6 Ra8 26. c3 Rb8 27. Ba2 Ra8 28. Bc4 Rb8 29. b4 axb4 30. cxb4 b5 31. axb5 cxb5 32. Bb3 Ra8 33. Bd5 Ra6 34. Rxa6 Bxa6 35. Ra1 Nb8 36. Ne6+ Kh7 37. Bxh6 Kxh6 38. Nc5 Rc7 39. Ra5 Bc8 40. Rxb5 Nc6 41. Nd3 Ba6 42. Rc5 Bxd3 43. Rxc6 Ra7 44. Nc3 Rb7 45. b5 Rb8 46. b6 Ba6 47. Ke3 g5 48. hxg5+ Kxg5 49. Bf7 Nf4 50. Nd5 Bb7 51. Rd6 f5 52. Nf6 Rc8 53. Nh7+ Kh4 54. exf5 Rc2 55. Rh6+ Kg3 56. Rg6+ Kh2 57. Rh6+ Kg1 58. Bc4 Rxc4 59. Ng5 Rc2 60. Nh3+ Nxh3 61. Rxh3 Rc3+ 62. Kd2 Rb3 63. Rh6 Rxf3 64. Rh7 Be4 65. b7 Rb3 66. f6 Bxb7 67. f7 Rf3 68. f8Q Rxf8 69. Rxb7 Kf2 70. Re7 Rd8+ 71. Kc3 Rd5 72. Kc4 Rd4+ 73. Kc5 Re4 74. Kd5 Re1 75. Rxe5 Rxe5+ 76. Kxe5 1/2-1/2

[Event "USA tt KO"]
[Site "ICC INT"]
[Date "2015.11.10"]
[Round "1"]
[White "Charbonneau, Pascal"]
[Black "Benjamin, Joel"]
[Result "1/2-1/2"]
[WhiteElo "2505"]
[BlackElo "2544"]
[PlyCount "124"]
[EventDate "2015.11.10"]
[EventType "team-k.o."]
[EventRounds "3"]
[EventCountry "USA"]
[SourceTitle "CBM 169 Extra"]
[Source "ChessBase"]
[SourceDate "2015.12.18"]
[SourceVersion "1"]
[SourceVersionDate "2015.12.18"]
[SourceQuality "1"]
[WhiteTeam "New York"]
[BlackTeam "New Jersey"]
[WhiteTeamCountry "USA"]
[BlackTeamCountry "USA"]

1. d4 Nf6 2. c4 e6 3. Nc3 Bb4 4. e3 b6 5. Nge2 Ba6 6. Ng3 Bxc3+ 7. bxc3 d5 8. Ba3 Bxc4 9. Bxc4 dxc4 10. Qa4+ Qd7 11. Qxc4 Qc6 12. Qxc6+ Nxc6 13. c4 0-0-0 14. f3 h5 15. h4 Rhg8 16. Kf2 g5 17. Bb2 Rg6 18. Ne2 Rdg8 19. e4 gxh4 20. Nf4 Nxe4+ 21. fxe4 Rg4 22. Ke3 Rg3+ 23. Kd2 R8g4 24. Raf1 Na5 25. Bc1 Nxc4+ 26. Ke2 Nd6 27. Be3 Nxe4 28. Kd3 Nd6 29. Rf3 Nf5 30. Rh3 Rxf3 31. gxf3 Rg8 32. Bf2 Rd8 33. Ke4 Kb7 34. Ne2 c5 35. Bxh4 Rd5 36. Bf6 Nd6+ 37. Ke3 cxd4+ 38. Nxd4 Ra5 39. Rh2 e5 40. Nb3 Ra4 41. Rxh5 Rxa2 42. Bxe5 Nc4+ 43. Kd4 Ra4 44. Kc3 Nxe5 45. Rxe5 Rf4 46. Re7+ Ka6 47. Nd4 b5 48. Rd7 Kb6 49. Rd5 a6 50. Rf5 Rxf5 51. Nxf5 Kc5 52. Nh6 f6 53. Ng4 Kd5 54. Nxf6+ Ke5 55. Ne4 Kf4 56. Nd2 Ke3 57. Kb4 Kf4 58. Ka5 Ke3 59. Kxa6 b4 60. Kb5 Kxd2 61. Kxb4 Ke3 62. Kc4 Kxf3 1/2-1/2

[Event "USA tt"]
[Site "ICC INT"]
[Date "2015.10.07"]
[Round "7"]
[White "Benjamin, Joel"]
[Black "Charbonneau, Pascal"]
[Result "1-0"]
[WhiteElo "2545"]
[BlackElo "2505"]
[PlyCount "117"]
[EventDate "2015.08.25"]
[EventType "team-swiss"]
[EventRounds "10"]
[EventCountry "USA"]
[SourceTitle "EXT 2017"]
[Source "ChessBase"]
[SourceDate "2016.10.25"]
[SourceVersion "1"]
[SourceVersionDate "2016.10.25"]
[SourceQuality "1"]
[WhiteTeam "New Jersey"]
[BlackTeam "New York"]
[WhiteTeamCountry "USA"]
[BlackTeamCountry "USA"]

1. e4 e5 2. Nf3 Nc6 3. Bb5 a6 4. Ba4 Nf6 5. 0-0 Be7 6. d3 b5 7. Bb3 d6 8. c3 0-0 9. Nbd2 Na5 10. Bc2 c5 11. Re1 Nc6 12. Nf1 Re8 13. h3 Bf8 14. Bg5 h6 15. Bxf6 Qxf6 16. Ne3 Rb8 17. a4 b4 18. a5 Be6 19. Ba4 Rec8 20. Bxc6 Rxc6 21. d4 exd4 22. cxd4 Rcc8 23. Rc1 Qg6 24. dxc5 dxc5 25. Nd5 c4 26. Ne5 Qg5 27. Nxc4 Bxh3 28. Qf3 Be6 29. b3 Rc5 30. Nde3 h5 31. Rcd1 Rcc8 32. Rd3 Bc5 33. Nd5 Re8 34. Nce3 Rbd8 35. Red1 Rc8 36. Qf4 Qxf4 37. Nxf4 Bxe3 38. Rxe3 Rc5 39. Rd4 Rb8 40. Nxe6 fxe6 41. Rd6 Rxa5 42. Rxe6 Rf8 43. f3 Rd8 44. f4 h4 45. Kh2 Kf7 46. f5 Ra2 47. Rg6 Rf2 48. Rg4 Rdd2 49. Rh3 Rb2 50. Rhxh4 Rxb3 51. Rh7 a5 52. Rg6 Rf4 53. Rhxg7+ Kf8 54. Ra7 Rh4+ 55. Kg1 Rxe4 56. Rh6 Kg8 57. f6 Rg3 58. f7+ Kg7 59. Rh7+ 1-0

[Event "USA tt"]
[Site "ICC INT"]
[Date "2014.10.28"]
[Round "10"]
[White "Bartell, Thomas"]
[Black "Charbonneau, Pascal"]
[Result "1/2-1/2"]
[WhiteElo "2358"]
[BlackElo "2505"]
[PlyCount "86"]
[EventDate "2014.08.26"]
[EventType "team-tourn"]
[EventRounds "10"]
[EventCountry "USA"]
[SourceTitle "EXT 2015"]
[Source "ChessBase"]
[SourceDate "2014.11.20"]
[SourceVersion "1"]
[SourceVersionDate "2014.11.20"]
[SourceQuality "1"]
[WhiteTeam "Philadelphia"]
[BlackTeam "New York"]
[WhiteTeamCountry "USA"]
[BlackTeamCountry "USA"]

1. d4 Nf6 2. c4 e6 3. Nf3 d5 4. Nc3 Bb4 5. cxd5 exd5 6. Bg5 0-0 7. e3 c5 8. Rc1 Nbd7 9. Be2 Qa5 10. 0-0 Bxc3 11. bxc3 Ne4 12. dxc5 Ndxc5 13. Be7 Re8 14. Bxc5 Qxc5 15. c4 dxc4 16. Bxc4 Qe7 17. Nd4 Bd7 18. Bd5 Rab8 19. Bxe4 Qxe4 20. Rc7 Re7 21. Qb1 Qxb1 22. Rxb1 Bf5 23. Rbc1 Rxc7 24. Rxc7 Rc8 25. Rxc8+ Bxc8 26. e4 Kf8 27. f4 Ke7 28. e5 Be6 29. a3 g6 30. Kf2 h5 31. Ke3 Bd5 32. g3 a5 33. Nb5 Bc6 34. Nd6 f6 35. Nc4 a4 36. Kd4 Ke6 37. exf6 Kxf6 38. Ne3 b5 39. Kc5 Bd7 40. Kd6 Be6 41. Kc5 Bd7 42. Kd6 Be6 43. Kc5 Bd7 1/2-1/2